UJI KAJI dengan MAKANAN / (Record no. 178305)

MARC details
000 -LEADER
fixed length control field 01337aam a2200397 c 4500
001 - CONTROL NUMBER
control field vtls000739558
003 - CONTROL NUMBER IDENTIFIER
control field PNM
005 - DATE AND TIME OF LATEST TRANSACTION
control field 20200719163925.0
008 - FIXED-LENGTH DATA ELEMENTS--GENERAL INFORMATION
fixed length control field 160506t20142013my a j 000 0 may
015 ## - NATIONAL BIBLIOGRAPHY NUMBER
National bibliography number M14-08920
020 ## - INTERNATIONAL STANDARD BOOK NUMBER
International Standard Book Number 9789674305567
Qualifying information set
International Standard Book Number 9789674305451
Qualifying information paperback
039 #9 - LEVEL OF BIBLIOGRAPHIC CONTROL AND CODING DETAIL [OBSOLETE]
Level of rules in bibliographic description 201605062355
Level of effort used to assign nonsubject heading access points VLOAD
Level of effort used to assign subject headings 201410281248
Level of effort used to assign classification habirah
Level of effort used to assign subject headings 201410281241
Level of effort used to assign classification habirah
Level of effort used to assign subject headings 201410281222
Level of effort used to assign classification habirah
040 ## - CATALOGING SOURCE
Original cataloging agency BNM
Language of cataloging eng
Transcribing agency BNM
Description conventions rda
Modifying agency PPAK
041 1# - LANGUAGE CODE
Language code of text/sound track or separate title may
Language code of original eng
049 ## - LOCAL HOLDINGS (OCLC)
Holding library mal
082 04 - DEWEY DECIMAL CLASSIFICATION NUMBER
Classification number 641.3078
Edition number 23
090 00 - LOCALLY ASSIGNED LC-TYPE CALL NUMBER (OCLC); LOCAL CALL NUMBER (RLIN)
Classification number (OCLC) (R) ; Classification number, CALL (RLIN) (NR) 641.3078
Feature heading UJI
Feature heading K
240 00 - UNIFORM TITLE
Uniform title Experiments with Food.
Language of a work English
245 00 - TITLE STATEMENT
Title UJI KAJI dengan MAKANAN /
Statement of responsibility, etc. Penterjemah Nur Ain Hafiza Mat Jusoh
246 3# - VARYING FORM OF TITLE
Display text Translation of:
Title proper/short title Experiments with food.
264 #1 - PRODUCTION, PUBLICATION, DISTRIBUTION, MANUFACTURE, AND COPYRIGHT NOTICE
Place of production, publication, distribution, manufacture Kuala Lumpur :
Name of producer, publisher, distributor, manufacturer Institut Terjemahan & Buku Malaysia,
Date of production, publication, distribution, manufacture, or copyright notice 2014
Date of production, publication, distribution, manufacture, or copyright notice ©2013
300 ## - PHYSICAL DESCRIPTION
Extent 26 pages :
Other physical details colour illustrations, colour photographs ;
Dimensions 28 cm.
336 ## - CONTENT TYPE
Content type term text
Source rdacontent
337 ## - MEDIA TYPE
Media type term unmediated
Source rdamedia
338 ## - CARRIER TYPE
Carrier type term volume
Source rdacarrier
490 1# - SERIES STATEMENT
Series statement SIRI UJI KAJI ITBM
650 10 - SUBJECT ADDED ENTRY--TOPICAL TERM
Topical term or geographic name entry element Food
General subdivision Experiments
Form subdivision Juvenile literature
700 0# - ADDED ENTRY--PERSONAL NAME
Personal name Nur Ain Hafiza Mat Jusoh,
Relator term translator.
765 0# - ORIGINAL LANGUAGE ENTRY
Title Experiments with food.
Place, publisher, and date of publication New Delhi : Sterling Publishers, 2013
830 #0 - SERIES ADDED ENTRY--UNIFORM TITLE
Uniform title SIRI UJI KAJI ITBM
942 ## - ADDED ENTRY ELEMENTS (KOHA)
Source of classification or shelving scheme Dewey Decimal Classification
Koha item type Book
949 ## - LOCAL PROCESSING INFORMATION (OCLC)
6 2000220699
6 2000220700
Holdings
Withdrawn Not for loan Current library Shelving location Date acquired Full call number Barcode Date last seen Koha item type
    Perpustakaan Langkawi Pinjaman Kanak-kanak 28/07/2020 K 641.3078 UJI A00739258 28/07/2020 Book